000 00574cam a22002053a 4500
001 42746
003 PGUSA
005 20140828083952.0
008 130520s2013||||xxu|||||s|||||000 | eng d
040 _aPGUSA
_beng
042 _adc
100 1 _aHooft, P.C.
_q(Pieter Corneliszoon),
_d1581-1647
245 1 0 _aGranida
_h[electronic resource] /
_cP.C. Hooft
260 _bProject Gutenberg,
_c2013
506 _aPublic domain in the USA.
516 _aElectronic text
830 0 _aProject Gutenberg
_v42746
856 4 0 _uhttp://www.gutenberg.org/ebooks/42746
942 _cEB
999 _c271998
_d271998